System analysis and modelling (Record no. 19608)
[ view plain ]
| 000 -LEADER | |
|---|---|
| fixed length control field | 00289nam a2200133Ia 4500 |
| 082 ## - DEWEY DECIMAL CLASSIFICATION NUMBER | |
| Classification number | 3.3 |
| Item number | BOY |
| 100 ## - MAIN ENTRY--PERSONAL NAME | |
| Personal name | Boyd/Donald W |
| 245 ## - TITLE STATEMENT | |
| Title | System analysis and modelling |
| 260 ## - PUBLICATION, DISTRIBUTION, ETC. | |
| Name of publisher, distributor, etc. | Academic Press |
| Date of publication, distribution, etc. | 2001 |
| 300 ## - PHYSICAL DESCRIPTION | |
| Extent | 365 |
| 546 ## - LANGUAGE NOTE | |
| Language note | ENGLISH |
| 654 ## - SUBJECT ADDED ENTRY--FACETED TOPICAL TERMS | |
| Focus term | system analysis |
| 942 ## - ADDED ENTRY ELEMENTS (KOHA) | |
| Koha item type | BOOK |
| Withdrawn status | Lost status | Damaged status | Not for loan | Collection | Home library | Current library | Date acquired | Total Checkouts | Full call number | Barcode | Date last seen | Price effective from | Koha item type |
|---|---|---|---|---|---|---|---|---|---|---|---|---|---|
| CRC | Fr. Agnel's C.Rodrigues College of Engineering | Fr. Agnel's C.Rodrigues College of Engineering | 17/03/2023 | 3.3 BOY | 14535 | 17/03/2023 | 17/03/2023 | BOOK | |||||
| CRC | Fr. Agnel's C.Rodrigues College of Engineering | Fr. Agnel's C.Rodrigues College of Engineering | 17/03/2023 | 3.3 BOY | 14536 | 17/03/2023 | 17/03/2023 | BOOK | |||||
| CRC | Fr. Agnel's C.Rodrigues College of Engineering | Fr. Agnel's C.Rodrigues College of Engineering | 17/03/2023 | 3.3 BOY | 14537 | 17/03/2023 | 17/03/2023 | BOOK | |||||
| CRC | Fr. Agnel's C.Rodrigues College of Engineering | Fr. Agnel's C.Rodrigues College of Engineering | 17/03/2023 | 3.3 BOY | 14538 | 17/03/2023 | 17/03/2023 | BOOK |